000 00527nam a2200181Ia 4500
003 OSt
005 20200826145259.0
008 190216s9999||||xx |||||||||||||| ||und||
020 _a9788120327887
040 _coclc
082 _a658.872
_bJOS/E
100 _aJoseph, P T
_91453
245 0 _aE-commerce : an Indian perspective /
_cP T Joseph
250 _a2nd ed.
260 _bPrentice Hall Of India Pvt Ltd,
_aNew Delhi:
_c2005.
300 _a490p
942 _cBK
_2ddc
_h658.872
_iJOS/E
_k658.872
_mJOS/E
999 _c6928
_d6928